000 00277nam a2200109Ia 4500
008 190216s9999||||xx |||||||||||||| ||und||
100 _aEzhuthachan K N
245 0 _aAbc Guide To Second Year Degree Malayalam
260 _bAjith Book Center
650 _aSahithyam
942 _cBK
999 _c25733
_d25733